Computers : (Record no. 25956)
[ view plain ]
| 000 -LEADER | |
|---|---|
| fixed length control field | 01733nam a2200253 i 4500 |
| 005 - DATE AND TIME OF LATEST TRANSACTION | |
| control field | 20250625125831.0 |
| 008 - FIXED-LENGTH DATA ELEMENTS--GENERAL INFORMATION | |
| fixed length control field | 230825s2004 njua 001 0 eng |
| 020 ## - INTERNATIONAL STANDARD BOOK NUMBER | |
| International Standard Book Number | 9810699077 |
| Qualifying information | (paperback) |
| 040 ## - CATALOGING SOURCE | |
| Original cataloging agency | DLC |
| Transcribing agency | DLC |
| Modifying agency | CSPC |
| Description conventions | rda |
| 082 ## - DEWEY DECIMAL CLASSIFICATION NUMBER | |
| Classification number | 004 |
| Item number | C174c |
| 100 ## - MAIN ENTRY--PERSONAL NAME | |
| Personal name | Capron, H. L., |
| Relator term | author. |
| 245 ## - TITLE STATEMENT | |
| Title | Computers : |
| Remainder of title | tools for an informations age / |
| Statement of responsibility, etc. | H.L. Capricon. |
| 250 ## - EDITION STATEMENT | |
| Edition statement | 8th |
| Remainder of edition statement | edition |
| 264 ## - PRODUCTION, PUBLICATION, DISTRIBUTION, MANUFACTURE, AND COPYRIGHT NOTICE | |
| Place of production, publication, distribution, manufacture | New Jersey : |
| Name of producer, publisher, distributor, manufacturer | Pearson Education, Inc., |
| Date of production, publication, distribution, manufacture, or copyright notice | 2004. |
| 300 ## - PHYSICAL DESCRIPTION | |
| Extent | xxiii, 600 pages : |
| Other physical details | figures , images ; |
| Dimensions | 27 cm. |
| 336 ## - CONTENT TYPE | |
| Source | rdacontent |
| Content type term | text |
| Content type code | txt |
| 337 ## - MEDIA TYPE | |
| Source | rdamedia |
| Media type term | unmediated |
| Media type code | n |
| 338 ## - CARRIER TYPE | |
| Source | rdacarrier |
| Carrier type term | volume |
| Carrier type code | nc |
| 500 ## - GENERAL NOTE | |
| General note | Includes bibliographical index. |
| 505 ## - FORMATTED CONTENTS NOTE | |
| Formatted contents note | Computers : tools for an information age -- Applications software : getting the work done -- Operating systems : software in the background -- The central processing unit : what goes on inside the computer -- Input and output : the user connection -- Storage and multimedia : the facts and more -- Networking : computer connections -- The internet at home and in the workplace -- Social and ethical issues in computing : doing the right thing -- Security and privacy : computers and the internet -- Word processing and desktop publishing : printing it -- Spreadsheets and business graphics : facts and figures -- Database management systems : getting data together -- Systems analysis and design : the big picture -- Programming and languages : telling the computer what to do -- Management information systems : classical models and new approaches. |
| 700 1# - ADDED ENTRY--PERSONAL NAME | |
| Personal name | Johnson, J. A., |
| Relator term | author. |
| 942 ## - ADDED ENTRY ELEMENTS (KOHA) | |
| Source of classification or shelving scheme | Dewey Decimal Classification |
| Suppress in OPAC | No |
| Koha item type | Books |
| Classification part | 004 C174c |
| Call number prefix | CIR |
| Call number suffix | 2004 |
| Withdrawn status | Lost status | Source of classification or shelving scheme | Damaged status | Not for loan | Home library | Current library | Shelving location | Date acquired | Total Checkouts | Full call number | Barcode | Date last seen | Copy number | Price effective from | Koha item type |
|---|---|---|---|---|---|---|---|---|---|---|---|---|---|---|---|
| Dewey Decimal Classification | Buhi Campus | Buhi Campus | Circulation Section | 08/25/2023 | CIR 004 C174c 2004 | 000503-BUH | 08/25/2023 | 1-4 | 08/25/2023 | Books | |||||
| Dewey Decimal Classification | Buhi Campus | Buhi Campus | Circulation Section | 08/25/2023 | CIR 004 C174c 2004 | 000504-BUH | 08/25/2023 | 2-4 | 08/25/2023 | Books | |||||
| Dewey Decimal Classification | Buhi Campus | Buhi Campus | Circulation Section | 08/25/2023 | CIR 004 C174c 2004 | 000505-BUH | 08/25/2023 | 3-4 | 08/25/2023 | Books | |||||
| Dewey Decimal Classification | Buhi Campus | Buhi Campus | Circulation Section | 08/25/2023 | CIR 004 C174c 2004 | 000506-BUH | 08/25/2023 | 4-4 | 08/25/2023 | Books |